000 00320nam a2200109Ia 4500
008 171211s9999 xx 000 0 und d
245 _aEndangered Species: A Documentary and Reference Guide
245 _cEdward P. Weber
260 _c2016
650 _xANIMALS
856 _uhttp://down.ebook777.com/054/9781440836565.pdf
999 _c348461
_d348461